LIBRARY ONLINE CATALOGUE

Intellectual property and EU competition law / (Record no. 10328)

MARC details
000 -LEADER
fixed length control field 00716nam a22002172 4500
001 - CONTROL NUMBER
control field 0000024547
005 - DATE AND TIME OF LATEST TRANSACTION
control field 20151217152304.0
008 - FIXED-LENGTH DATA ELEMENTS--GENERAL INFORMATION
fixed length control field 140106s xx 000 0 eng d
020 ## - INTERNATIONAL STANDARD BOOK NUMBER
International Standard Book Number 1904501459 :
040 ## - CATALOGING SOURCE
Original cataloging agency KABU
Transcribing agency KABU
100 1# - MAIN ENTRY--PERSONAL NAME
Personal name Turner, Jonathan D. C.
-- 0000184822
245 10 - TITLE STATEMENT
Title Intellectual property and EU competition law /
Statement of responsibility, etc. Jonathan D. C. Turner.
250 ## - EDITION STATEMENT
Edition statement 1st ed.
260 ## - PUBLICATION, DISTRIBUTION, ETC. (IMPRINT)
Place of publication, distribution, etc. Oxford :
Name of publisher, distributor, etc. O. U. P.,
Date of publication, distribution, etc. 2010.
300 ## - PHYSICAL DESCRIPTION
Extent lxv, 311 p.
650 #0 - SUBJECT ADDED ENTRY--TOPICAL TERM
Topical term or geographic name as entry element Intellectual property
Geographic subdivision European union countries.
-- 0000182293
650 #0 - SUBJECT ADDED ENTRY--TOPICAL TERM
Topical term or geographic name as entry element Restraint of trade
Geographic subdivision European Union coutries.
-- 0000178755
852 1# - LOCATION
-- p26325 KES
908 ## - PUT COMMAND PARAMETER (RLIN)
Put command parameter 140106
950 ## - LOCAL HOLDINGS (RLIN)
-- 1
Holdings
Withdrawn status Lost status Source of classification or shelving scheme Not for loan Home library Current library Date acquired Total Checkouts Full call number Barcode Date last seen Price effective from Koha item type
    Library of Congress Classification   Kabarak, Main Campus Kabarak, Main Campus 17/12/2015   KJE2636 .T87 2010 c. 1 016266 17/12/2015 17/12/2015 General Collection